[Event "National Elementary Championship"]
[Site "Columbus, Ohio, United States"]
[Date "2022.05.14"]
[Round "5.20"]
[White "Tao, Jeremy"]
[Black "Tikhomirav, Matthew"]
[Result "1-0"]
[TimeControl "G/90;d5"]
[WhiteElo "1424"]
[BlackElo "1308"]

1. e4 {[%clk 01:30:00]} {[%emt 00:01:33]} e5 {[%clk 01:30:00]} 2. Nf3 {[%clk
01:30:00]} Nc6 {[%clk 01:29:56]} 3. d4 {[%clk 01:30:00]} exd4 {[%clk 01:29:56]}
4. Nxd4 {[%clk 01:30:00]} Bc5 {[%clk 01:29:54]} 5. Be3 {[%clk 01:30:00]} Qf6
{[%clk 01:29:43]} 6. c3 {[%clk 01:30:00]} Nge7 {[%clk 01:29:37]} 7. Bc4 {[%clk
01:30:00]} Ne5 {[%clk 01:28:58]} {[%emt 00:00:22]} 8. Bb3 {[%clk 01:30:00]}
{[%emt 00:00:07]} d6 {[%clk 01:28:20]} {[%emt 00:00:41]} 9. O-O {[%clk
01:29:55]} {[%emt 00:00:08]} O-O {[%emt 00:00:13]} 10. f3 {[%clk 01:29:06]}
{[%emt 00:00:52]} Bd7 {[%clk 01:26:35]} {[%emt 00:01:44]} 11. Nd2 {[%clk
01:27:54]} {[%emt 00:01:53]} Qg6 {[%clk 01:19:16]} {[%emt 00:06:47]} 12. Qe2
{[%clk 01:26:07]} {[%emt 00:01:51]} Kh8 {[%clk 01:11:27]} {[%emt 00:08:00]} 13.
Kh1 {[%clk 01:24:53]} {[%emt 00:01:13]} f5 {[%clk 01:04:38]} {[%emt 00:06:54]}
14. exf5 {[%clk 01:21:07]} {[%emt 00:03:50]} Nxf5 {[%clk 01:04:37]} {[%emt
00:00:12]} 15. Nxf5 {[%clk 01:20:26]} {[%emt 00:00:40]} Qxf5 {[%clk 01:04:34]}
{[%emt 00:00:15]} 16. Bxc5 {[%clk 01:19:35]} {[%emt 00:00:59]} dxc5 {[%clk
01:04:27]} {[%emt 00:00:05]} 17. Ne4 {[%clk 01:18:46]} {[%emt 00:00:51]} b6
{[%clk 01:02:33]} {[%emt 00:01:58]} 18. Ng3 {[%clk 01:15:33]} {[%emt 00:03:18]}
Qf6 {[%clk 00:58:35]} {[%emt 00:04:02]} 19. Rad1 {[%clk 01:10:42]} {[%emt
00:04:57]} Bc6 {[%clk 00:56:02]} {[%emt 00:02:51]} 20. Nh5 {[%clk 01:04:19]}
{[%emt 00:06:15]} Qe7 {[%clk 00:53:28]} {[%emt 00:02:46]} 21. f4 {[%clk
01:00:48]} {[%emt 00:03:37]} Ng6 {[%clk 00:52:10]} {[%emt 00:01:13]} 22. Qxe7
{[%clk 01:00:38]} {[%emt 00:00:26]} Nxe7 {[%clk 00:52:07]} 23. Ng3 {[%clk
01:00:13]} {[%emt 00:00:31]} Nf5 {[%clk 00:49:47]} {[%emt 00:02:22]} 24. Nxf5
{[%clk 00:59:52]} {[%emt 00:00:26]} Rxf5 {[%clk 00:49:47]} {[%emt 00:00:08]} 25.
Bc2 {[%clk 00:59:17]} {[%emt 00:00:35]} Rf6 {[%clk 00:49:39]} {[%emt 00:00:16]}
26. f5 {[%clk 00:57:39]} {[%emt 00:01:44]} Raf8 {[%clk 00:47:02]} {[%emt
00:02:36]} 27. Kg1 {[%clk 00:56:38]} {[%emt 00:01:08]} Rd6 {[%clk 00:41:11]}
{[%emt 00:06:06]} 28. h3 {[%clk 00:53:20]} {[%emt 00:03:12]} Rfd8 {[%clk
00:40:38]} {[%emt 00:00:40]} 29. Rxd6 {[%clk 00:50:39]} {[%emt 00:02:43]} cxd6
{[%clk 00:39:58]} {[%emt 00:00:48]} 30. f6 {[%clk 00:49:25]} {[%emt 00:01:17]}
gxf6 {[%clk 00:38:50]} {[%emt 00:01:13]} 31. Rxf6 {[%clk 00:49:24]} {[%emt
00:00:10]} Kg7 {[%clk 00:38:49]} {[%emt 00:00:12]} 32. Re6 {[%clk 00:48:15]}
{[%emt 00:01:04]} Bd5 {[%clk 00:35:09]} {[%emt 00:03:46]} 33. Re7+ {[%clk
00:48:02]} {[%emt 00:00:20]} Bf7 {[%clk 00:34:53]} {[%emt 00:00:18]} 34. Rxa7
{[%clk 00:47:37]} {[%emt 00:00:29]} Re8 {[%clk 00:34:52]} {[%emt 00:00:33]} 35.
Bb3 {[%clk 00:47:07]} {[%emt 00:00:08]} Rf8 {[%clk 00:34:37]} {[%emt 00:00:20]}
36. Rd7 {[%clk 00:45:46]} {[%emt 00:01:25]} Kf6 {[%clk 00:34:14]} {[%emt
00:00:26]} 37. Bxf7 {[%clk 00:45:35]} {[%emt 00:00:40]} Rxf7 {[%clk 00:34:12]}
38. Rxd6+ {[%clk 00:45:29]} {[%emt 00:00:03]} Ke5 {[%clk 00:34:05]} {[%emt
00:00:07]} 39. Rxb6 {[%clk 00:45:26]} {[%emt 00:00:16]} Rd7 {[%clk 00:34:05]}
{[%emt 00:00:03]} 40. a4 {[%clk 00:43:58]} {[%emt 00:01:26]} Ke4 {[%clk
00:33:53]} {[%emt 00:00:32]} 41. a5 {[%clk 00:42:39]} {[%emt 00:01:14]} Ra7
{[%clk 00:33:19]} {[%emt 00:00:32]} 42. a6 {[%clk 00:42:39]} {[%emt 00:00:32]}
Kd3 {[%clk 00:33:17]} {[%emt 00:00:04]} 43. b4 {[%clk 00:41:54]} {[%emt
00:00:26]} c4 {[%clk 00:33:03]} {[%emt 00:00:22]} 44. b5 {[%clk 00:40:34]}
{[%emt 00:01:45]} Kxc3 {[%clk 00:33:00]} 45. Rb7 {[%clk 00:38:40]} {[%emt
00:01:48]} Ra8 {[%clk 00:32:56]} {[%emt 00:00:06]} 46. a7 {[%clk 00:38:16]}
{[%emt 00:00:28]} Kb2 {[%clk 00:32:42]} {[%emt 00:00:20]} 47. b6 {[%clk
00:37:58]} {[%emt 00:00:23]} c3 {[%clk 00:32:35]} {[%emt 00:00:22]} 48. Rc7
{[%clk 00:37:55]} {[%emt 00:00:03]} c2 {[%clk 00:32:13]} {[%emt 00:00:22]} 49.
Rxc2+ {[%clk 00:37:36]} {[%emt 00:00:29]} 1-0